| 000 | 02260nam a2200361 i 4500 | ||
|---|---|---|---|
| 001 | 115697 | ||
| 003 | ES-MaACL | ||
| 005 | 20250716054028.0 | ||
| 007 | t| | ||
| 008 | 070503s1875 sp ||||1| spa d | ||
| 245 | 0 | 0 |
_aMonte de Piedad y Caja de Ahorros de Madrid : _bnoticias históricas y descriptivas y álbum poético con motivo de la inauguración del nuevo edificio el año de 1875. |
| 260 |
_aMadrid : _b[Monte de Piedad y Caja de Ahorros de Madrid], _c1875 _f(Imp., Estereotipia y Galvanoplastia de Aribau y Cª) |
||
| 300 |
_a87 páginas, [1] hoja plegada de plano : _bilustraciones ; _c29 cm. |
||
| 505 | 0 | _aNoticias históricas / por el director gerente del establecimiento, Braulio Antón Ramírez. Nuevo edificio: artículos / por el mismo señor. Álbum poético / Juan E. Hartzenbusch, Cayetano Rossell... Manuel del Palacio... Joaquina G. Balmaseda, Ángela Grassi, Manuel de la Revilla, Braulio Antón Ramírez | |
| 530 | _aDisponible en formato digital | ||
| 599 | _aGrab.: 2 retr. de D. Francisco Piquer, fundador del Monte de Piedad de Madrid; 1 retr. de D. Joaquín Vizcaíno, marqués viudo de Pontejos, fundador de la Caja de Ahorros de Madrid. | ||
| 610 | 2 | 4 |
_aMonte de Piedad y Caja de Ahorros de Madrid. _95765 |
| 655 | 4 |
_aPoesías _2tgfbne _9176539 |
|
| 700 | 1 |
_aAntón Ramírez, Braulio, _d1823-1892 _eaut _921953 |
|
| 700 | 1 |
_aHartzenbusch, Juan Eugenio, _d1806-1880 _eaut _962011 |
|
| 700 | 1 |
_aRosell, Cayetano, _d1817-1883 _eaut _999681 |
|
| 700 | 1 |
_aPalacio, Manuel del, _d1831-1906 _eaut _988370 |
|
| 700 | 1 |
_aGarcía Balmaseda, Joaquina, _d1837-1911 _eaut _954217 |
|
| 700 | 1 |
_aGrassi, Ángela, _d1826-1883 _eaut _959706 |
|
| 700 | 1 |
_aRevilla, Manuel de la, _d1846-1881 _eaut _996432 |
|
| 710 | 2 |
_aMonte de Piedad y Caja de Ahorros de Madrid. _eedt _95765 |
|
| 852 | 4 |
_aES-MaACL _cDEPOF _jT-173-F-2 |
|
| 852 | 4 |
_aES-MaACL _cDEPOF _hLegado M. de Lafuente _jFol-Laf-30 |
|
| 856 | 4 |
_uhttp://bdh-rd.bne.es/viewer.vm?id=0000247088&page=1 _yVersión en línea _z(Biblioteca Digital Hispánica) |
|
| 856 | 4 |
_uhttps://bibliotecavirtualmadrid.comunidad.madrid/bvmadrid_publicacion/es/consulta/registro.do?id=238 _zBiblioteca Digital de la Comunidad de Madrid |
|
| 942 |
_2udc _cFOLLETOS _n0 |
||
| 999 |
_c115697 _d115697 |
||